LIBRARY ONLINE CATALOGUE

Network security esentials : (Record no. 4034)

MARC details
000 -LEADER
fixed length control field 00618cam a22002052 4500
001 - CONTROL NUMBER
control field 0000019866
005 - DATE AND TIME OF LATEST TRANSACTION
control field 20151217145921.0
008 - FIXED-LENGTH DATA ELEMENTS--GENERAL INFORMATION
fixed length control field 110301s xx 000 0 eng d
020 ## - INTERNATIONAL STANDARD BOOK NUMBER
International Standard Book Number 0137067925 :
040 ## - CATALOGING SOURCE
Original cataloging agency KABU
Transcribing agency KABU
050 #0 - LIBRARY OF CONGRESS CALL NUMBER
Classification number TK5105.59
Item number .S63
100 1# - MAIN ENTRY--PERSONAL NAME
Personal name Stallings, William.
-- 0000148223
245 10 - TITLE STATEMENT
Title Network security esentials :
Remainder of title applications and standards.
260 ## - PUBLICATION, DISTRIBUTION, ETC. (IMPRINT)
Place of publication, distribution, etc. Delhi :
Name of publisher, distributor, etc. Pearson Educ.,
Date of publication, distribution, etc. 2011.
300 ## - PHYSICAL DESCRIPTION
Extent 431 p.
650 #0 - SUBJECT ADDED ENTRY--TOPICAL TERM
Topical term or geographic name as entry element Computer networks
General subdivision Security measures.
-- 0000148224
852 1# - LOCATION
-- p2240 KES
908 ## - PUT COMMAND PARAMETER (RLIN)
Put command parameter 110301
950 ## - LOCAL HOLDINGS (RLIN)
-- 1
Holdings
Withdrawn status Lost status Source of classification or shelving scheme Not for loan Home library Current library Date acquired Total Checkouts Full call number Barcode Date last seen Price effective from Koha item type
    Library of Congress Classification   Kabarak, Main Campus Kabarak, Main Campus 17/12/2015   TK5105.59 .S63 2011 c.1 22240 17/12/2015 17/12/2015 General Collection